Sociologie de la culture et des pratiques culturelles (notice n° 1925092)
[ vue normale ]
| 000 -LEADER | |
|---|---|
| fixed length control field | 01394cam a2200133 4500500 |
| 005 - DATE AND TIME OF LATEST TRANSACTION | |
| control field | 20260329023141.0 |
| 041 ## - LANGUAGE CODE | |
| Language code of text/sound track or separate title | fre |
| 042 ## - AUTHENTICATION CODE | |
| Authentication code | dc |
| 100 10 - MAIN ENTRY--PERSONAL NAME | |
| Personal name | Fleury, Laurent |
| Relator term | author |
| 245 00 - TITLE STATEMENT | |
| Title | Sociologie de la culture et des pratiques culturelles |
| 260 ## - PUBLICATION, DISTRIBUTION, ETC. | |
| Name of publisher, distributor, etc. | Armand Colin,<br/> |
| Date of publication, distribution, etc. | 2016.<br/> |
| 520 ## - SUMMARY, ETC. | |
| Summary, etc. | La sociologie de la culture est un des grands domaines de la discipline. Au cours des dernières années, plusieurs questions ont structuré les recherches : celles de la hiérarchie sociale des pratiques culturelles et de la distinction, de la démocratisation de la culture et des politiques publiques, de la diversité des pratiques et des publics. Cet ouvrage, traduit aux États-Unis, réactualisé dans cette 3e édition, présente une synthèse des résultats et des débats.La sociologie de la culture s’est également réorientée pour répondre à de nouveaux questionnements, liés aux mutations entre générations médiatiques et générations numériques, à la mise en concurrence entre culture légitime et culture de masse, à une meilleure compréhension de la réception des oeuvres et de l’expérience esthétique. Cette sociologie cherche à comprendre la place et le sens de la culture dans les sociétés contemporaines. |
| 856 41 - ELECTRONIC LOCATION AND ACCESS | |
| Uniform Resource Identifier | <a href="https://shs.cairn.info/sociologie-de-la-culture-et-des-pratiques-culturel--9782200613945?lang=fr&redirect-ssocas=7080">https://shs.cairn.info/sociologie-de-la-culture-et-des-pratiques-culturel--9782200613945?lang=fr&redirect-ssocas=7080</a> |
Pas d'exemplaire disponible.




Réseaux sociaux